• 首页
  • 本馆介绍
  • 公告通知
  • 最新文献
  • 馆藏检索
  • 电子资源
  • 读者导购
  • 参考咨询
  • 我的图书馆
  • 登录
  • 详细信息显示
  • 放入我的书架
  • 预约/预借图书
  • 作者相关作品
  • 分类相关作品
  • 丛书相关作品
  • 出版社相关作品

书目信息

  • 表格格式
  • 工作单格式
  • 卡片格式
题名:
群论对分子振动的应用
    
 
作者: 普拉尼克 , Puranik 著 ;赵择卿 译
分册:  
出版信息: 北京   高等教育出版社  1982
页数: 103页
开本: 21cm
丛书名:
单 册:
中图分类: O561.3 , O152.8
科图分类:
主题词: 群论-应用-分子振动 , 分子振动-应用-群论 , 代数 , 数论 , 组合数学
电子资源:
ISBN:
000 01052nam0 2200349 45
001 0182000613
005 20040514111303.7
010    @dCNY0.55
091    @a13012.0769
100    @a19950727d1982 emky0chiy0121 ea
101 1  @achi@ceng
102    @aCN@b110000
105    @ay z 000yy
106    @ar
200 10 @a群论对分子振动的应用@Aqun lun dui fen zi zhen dong de ying yong@f(印度)普拉尼克(P.G.Puranimk)著@g赵择卿译
210    @a北京@c高等教育出版社@d1982@h1983印
215    @a103页@d21cm
300    @a书名原文:Group theory applications to molecular vibrations
510 1  @aGroup theory applications to molecular vibrations@zeng
606    @a群论-应用-分子振动
606    @a分子振动-应用-群论
606 0  @a代数
606 0  @a数论
606 0  @a组合数学
690    @aO561.3@v3
690    @aO152.8
701  1 @a普拉尼克@Apu la ni ke@bP.G.@4著
701 A1 @aPuranik@bP.G.@4著
702  0 @a赵择卿@Azhao zhai qing@4译
801  0 @aCN@b上海图书馆@c20040514
801  2 @aCN@bNLC@c20040514
905    @f1@b107831@dO152.8@e7
    
    群论对分子振动的应用/(印度)普拉尼克(P.G.Puranimk)著/赵择卿译.-北京:高等教育出版社,1982(1983印)
    103页;21cm
    书名原文:Group theory applications to molecular vibrations
    
    ISBN :CNY0.55
    
●
相关链接 在E读中查询图书 在五车中查询图书 在当当中查询图书 在豆瓣中查询图书


正题名:群论对分子振动的应用     索取号:O152.8/7         预约/预借

序号 登录号 条形码 馆藏地/架位号 状态 备注
1 0107831   000412306   第三借阅区/ [索取号:O152.8/7] 在馆    
2 0107832   202093493   第二样本阅览室/ [索取号:O152.8/7] 在馆    
唐山师范学院图书馆 欢迎您!
大连网信软件有限公司© 版权所有